| 000 | 00924nam a2200253 a 4500 | ||
|---|---|---|---|
| 001 | adlib96000001 | ||
| 003 | ViArRB | ||
| 005 | 200902210153555.7 | ||
| 008 | 960221s1955 dcuabcdjdbkoqu001 0deng d | ||
| 020 | _a | ||
| 022 | _a | ||
| 040 | _aAdlib | ||
| 082 | _a541 | ||
| 245 | _aInorganic molecular dissymetry | ||
| 250 | _a | ||
| 260 |
_aBerlin _bSpringer-Verlag _c1979 |
||
| 300 |
_aix, 167p. _c |
||
| 500 | _a Inorganic chemistry concepts, 7. | ||
| 100 |
_aSaito, Yoshihiko _e |
||
| 700 |
_a _a |
||
| 942 | _cBK | ||
| 653 |
_aChemistry _aSpectroscopy _aBiochemistry _aSpectrum analysis _aAcids _aBases- chemistry _aPhysical science _aScience _aChemistry _aSpectroscopy _aBiochemistry _aSpectrum analysis _aAcids _aBases- chemistry _aPhysical science _aScience _aChemical engineering _aBiotechnology _aChemical technology |
||
| 952 |
_w2010-06-16 _p00019916 _r2010-06-16 _40 _00 _bUL _10 _o541 SAI _d2010-06-16 _70 _yBK _aUL |
||
| 999 |
_c14743 _d14742 |
||